000 01054nam a22003257a 4500
003 CHAP
005 20220329135654.0
008 971013s r 00010 d
010 _a40278
011 _a41250
035 _a45376
040 _cCHAP
082 _a632.95
_bE8 1967
110 _aE.U.A. Pesticides Regulation Division
_934959
245 _aUSDA summary of registered agricultural pesticides chemical uses
250 _a2 ed.
260 _aWashington :
_bGovernment Printing Office,
_c19-
300 _av.
500 _aLa biblioteca tiene : suplemento 3
590 _aBATCH-UPD
_b10
_c20130110
_lUCH01
_h0939
590 _aBATCH-UPD
_b10
_c20130410
_lUCH01
_h0556
590 _aBATCH-UPD
_b10
_c20130914
_lUCH01
_h1910
590 _aCONVERSION
_b10
_c20130109
_lUCH01
_h1322
650 1 4 _aPesticidas.
_987536
650 1 4 _aPesticidas
_xAplicación.
_987539
650 1 4 _aPesticidas
_xNormas de calidad.
_987566
901 _aBK
942 _cLIBRO
949 _a632.95 E8 1967
_bBC
_cLIBRO
_d33724000185468
_eLIBRO
_fsup. 3
_h34012
_i45376
_mD
_si
999 _c40278
_d40278